<?xml version='1.0' encoding='UTF-8'?><?xml-stylesheet href='static/style.xsl' type='text/xsl'?><OAI-PMH xmlns="http://www.openarchives.org/OAI/2.0/" xmlns:xsi="http://www.w3.org/2001/XMLSchema-instance" xsi:schemaLocation="http://www.openarchives.org/OAI/2.0/ http://www.openarchives.org/OAI/2.0/OAI-PMH.xsd"><responseDate>2026-04-30T15:01:48Z</responseDate><request verb="GetRecord" identifier="oai:ebiltegia.mondragon.edu:20.500.11984/4251" metadataPrefix="marc">https://ebiltegia.mondragon.edu/oai/request</request><GetRecord><record><header><identifier>oai:ebiltegia.mondragon.edu:20.500.11984/4251</identifier><datestamp>2024-01-04T21:56:55Z</datestamp><setSpec>com_20.500.11984_1736</setSpec><setSpec>com_20.500.11984_1627</setSpec><setSpec>col_20.500.11984_1972</setSpec></header><metadata><record xmlns="http://www.loc.gov/MARC21/slim" xmlns:dcterms="http://purl.org/dc/terms/" xmlns:xsi="http://www.w3.org/2001/XMLSchema-instance" xmlns:doc="http://www.lyncode.com/xoai" xsi:schemaLocation="http://www.loc.gov/MARC21/slim http://www.loc.gov/standards/marcxml/schema/MARC21slim.xsd">
   <leader>00925njm 22002777a 4500</leader>
   <datafield ind2=" " ind1=" " tag="042">
      <subfield code="a">dc</subfield>
   </datafield>
   <datafield ind2=" " ind1=" " tag="720">
      <subfield code="a">Mondragon Unibertsitatea</subfield>
      <subfield code="e">author</subfield>
   </datafield>
   <datafield ind2=" " ind1=" " tag="260">
      <subfield code="c">2015-04-29</subfield>
   </datafield>
   <datafield ind2=" " ind1=" " tag="520">
      <subfield code="a">Atzo, hilak 28, Eusko Jaurlaritzako ordezkarien bisita jaso genuen Humanitate eta Hezkuntza Zientzien Fakultatean. Taldearen buruan zegoen Cristina Uriarte Eusko Jaurlaritzako Hezkuntza, Hizkuntza Politika eta Kultura Sailburua, berarekin batera etorri ziren Itziar Alkorta unibertsitate eta Ikerketako Sailburuordea, Olatz Garamendi Administrazio eta Zerbitzuen Sailburuordea eta Jose Manuel Bujanda Sailburuaren Kabineteko Zuzendaria. Bisitaren helburua zen harremanak sendotzea Eusko Jaurlaritza eta MONDRAGO UNIBERTSITATEAren artean, bertatik bertara ezagutzea unibertsitateak esku arten dituen egitasmoak eta, bide batez, campusak berriro ikustea.</subfield>
   </datafield>
   <datafield ind2=" " ind1=" " tag="520">
      <subfield code="a">Ayer, 28 de mayo, representantes del Gobierno Vasco visitaron la Facultad de Humanidades y Ciencias de la Educación. La representación estuvo encabezada por Cristina Uriarte Consejera de Educación, Política Lingüística y Cultura seguida por Itziar Alkorta Viceconsejera de Universidades e Investigación, Olatz Garamendi –Viceconsejera de Administración y Servicios y José Manuel Bujanda Director de Gabinete de la Consejera.  Los objetivos de la visita eran profundizar en la relación entre el Gobierno Vasco y MONDRAGON UNIBERTSITATEA, conocer de primera mano los proyectos en los que está trabajando la universidad y aprovechar la ocasión para volver a visitar los diferentes campus de la universidad.</subfield>
   </datafield>
   <datafield ind1="8" ind2=" " tag="024">
      <subfield code="a">https://www.flickr.com/photos/huhezi/16680081864/</subfield>
   </datafield>
   <datafield ind1="8" ind2=" " tag="024">
      <subfield code="a">https://hdl.handle.net/20.500.11984/4251</subfield>
   </datafield>
   <datafield tag="653" ind2=" " ind1=" ">
      <subfield code="a">Humanitate eta Hezkuntza Zientzien Fakultatea</subfield>
   </datafield>
   <datafield ind2="0" ind1="0" tag="245">
      <subfield code="a">Eusko Jaurlaritzako Hezkuntza saileko ordezkariek fakultatea bisitatu dute</subfield>
   </datafield>
   <datafield ind2="0" ind1="0" tag="245">
      <subfield code="a">Representantes de Educación del Gobierno Vasco visitan la facultad</subfield>
   </datafield>
</record></metadata></record></GetRecord></OAI-PMH>